Statistics for Gold Coast Suburbs & Localities

Click here to take the quiz!

General Stats

  • This quiz has been taken 58 times
  • The average score is 30 of 80

Answer Stats

Suburb / Locality% Correct
RRobina
88%
NNerang
88%
SSurfers Paradise
84%
SSouthport
81%
BBroadbeach
81%
MMiami
69%
MMudgeeraba
69%
BBurleigh Heads
66%
AAshmore
66%
CCurrumbin
63%
CCoomera
63%
HHelensvale
63%
LLabrador
59%
PPalm Beach
59%
CCoolangatta
56%
MMerrimac
56%
CCarrara
53%
AArundel
53%
MMermaid Waters
50%
RRunaway Bay
50%
OOrmeau
50%
PParadise Point
47%
OOxenford
47%
HHope Island
47%
MMermaid Beach
47%
BBiggera Waters
47%
UUpper Coomera
47%
PPacific Pines
44%
TTallebudgera
44%
TTallai
44%
WWorongary
44%
PParkwood
41%
BBundall
41%
TTugun
41%
VVarsity Lakes
38%
BBenowa
38%
MMain Beach
38%
CCurrumbin Valley
34%
BBurleigh Waters
34%
MMount Nathan
34%
EElanora
34%
CCoombabah
31%
HHighland Park
31%
BBroadbeach Waters
31%
BBilinga
31%
CCurrumbin Waters
31%
PPimpama
31%
CClear Island Waters
28%
LLower Beechmont
28%
HHollywell
28%
MMolendinar
28%
BBonogin
28%
GGaven
25%
RReedy Creek
25%
SSpringbrook
25%
GGilston
25%
TTallebudgera Valley
22%
AAdvancetown
22%
YYatala
22%
JJacobs Well
22%
MMaudsland
22%
AAustinville
19%
WWillow Vale
19%
CCedar Creek
16%
CClagiraba
16%
GGilberton
16%
OOrmeau Hills
16%
SStapylton
16%
AAlberton
16%
SSouth Stradbroke
16%
NNatural Bridge
16%
NNorwell
16%
KKingsholme
16%
LLuscombe
13%
NNuminbah Valley
13%
GGuanaba
13%
NNeranwood
13%
SSteiglitz
9%
WWongawallan
9%
WWoongoolba
9%

Score Distribution

Percentile by Number Answered

Percent of People with Each Score

Your Score History

You have not taken this quiz